Bhutan: a certain modernity / (Record no. 1120)

MARC details
000 -LEADER
fixed length control field 00565nam a2200169 4500
001 - CONTROL NUMBER
control field 1505
005 - DATE AND TIME OF LATEST TRANSACTION
control field 20181127163426.0
020 00 - INTERNATIONAL STANDARD BOOK NUMBER
International Standard Book Number 9788190391108
090 00 - LOCALLY ASSIGNED LC-TYPE CALL NUMBER (OCLC); LOCAL CALL NUMBER (RLIN)
Classification number (OCLC) (R) ; Classification number, CALL (RLIN) (NR) 954.98 C549b 2006
100 00 - MAIN ENTRY--PERSONAL NAME
Personal name Chopra, Serena.
245 00 - TITLE STATEMENT
Title Bhutan: a certain modernity /
Remainder of title
Statement of responsibility, etc. Serena Chopra.
Medium
260 00 - PUBLICATION, DISTRIBUTION, ETC.
Place of publication, distribution, etc. New Delhi ;
Name of publisher, distributor, etc. Photoink,
Date of publication, distribution, etc. 2006.
300 00 - PHYSICAL DESCRIPTION
Extent 79 p.
500 ## - GENERAL NOTE
General note "A certain modernity" is at once a record of Bhutan's move towards modernity and an evocative jouney into the lives of the Bhutanese people.
General note In English.
650 00 - SUBJECT ADDED ENTRY--TOPICAL TERM
Topical term or geographic name entry element Modernism --Bhutan --History.
General subdivision
Holdings
Withdrawn status Lost status Source of classification or shelving scheme Damaged status Not for loan Collection code Home library Current library Shelving location Serial Enumeration / chronology Inventory number Total Checkouts Full call number Barcode Date last seen Price effective from Koha item type
    Dewey Decimal Classification     Reference RTC Library RTC Library Reference 2774   954.98 CHO 30001894 27/11/2018 27/11/2018 Reference
Royal Thimphu College || All Right Reserved